00834nam a2200217Ia 4500008004100000020002000041040001400061082002000075100006200095245005400157260004300211300001900254365002600273366000800299505001000307530003000317620014600347630005400493650001500547730005400562100315s9999 xx 000 0 und d a0-8299-0166-3  cENGLISH  b8760 a658.4  a"Easley, V. Eddie V., Lundgren, Earl F., Wolk, Harry, I " aContemporary Business : Challenges & Opportunites aSt. Paul bWest publishing  c1978  a"xvi, 495p  " eRupees d1 b0.00  f0  gDBH  bDonated By RBI Library   a"Small Business, management, Organization, Marketing Management, Financial management, Management Tools , Responsibilities & Opportunities " aContemporary Business : Challenges & Opportunites aBusiness  aContemporary Business : Challenges & Opportunites